00495nam a2200169Ia 4500003000900000008004100009020001800050040001600068080001500084100002100099245009200120260002800212300001000240650004100250650002200291650001200313IN-BaIIA211028s9999 xx 000 0 eng d a0-14-020676-0 cIIA Library a8.081bCOO aCooper, Bruce M. 0aWriting technical reports.cBruce M. Cooper  aUKbPenguin Booksc1964 a188p. aAstronomy and Astrophysics Thesaurus aTechnical Reports aWriting